000 00666nam a2200217 a 4500
001 000030616
003 OSt
005 20240412074255.0
008 110525s1938 dr c r 000 p spa d
040 _aDO-SdBNP
_bspa
_cBNPHU
082 4 _aRD861.42
_bV635d
100 1 _aVicioso, José Ramón
_957207
245 1 0 _aDioramas /
_cJosé Ramón Vicioso.
260 _aCiudad Trujillo, República Dominicana :
_bImprenta P. A. Gómez,
_c1938.
300 _a50 p. :
_bretr. ;
_c23 cm.
590 _aInventariado, 2018/ YL
650 4 _aPoesía dominicana
_976918
650 0 _aLiteratura dominicana.
_967
910 _aValidado. Control de calidad MFF
942 _2ddc
_cLF2
999 _c30108
_d30108